| 000 | 00878nam a22002297a 4500 | ||
|---|---|---|---|
| 001 | 44262 | ||
| 003 | BD-RjUL | ||
| 005 | 20211209053827.0 | ||
| 008 | 160716s1963 ii ||||| |||| 00| 0 ben d | ||
| 020 | _c: IRs 15.00 | ||
| 035 | _a(BD-RjUL)44380 | ||
| 040 |
_aBD-RjUL _bben _cBD-RjUL |
||
| 041 | _aben | ||
| 082 |
_223 _a954.02 _bMOB 1963 |
||
| 100 |
_aমণ্ডল, সুশীলা _9135902 |
||
| 245 | 1 | 0 |
_aবঙ্গদেশের ইতিহাস : _bমধ্যযুগঃ প্রথম পর্ব / _cসুশীলা মণ্ডল |
| 260 |
_aকলিকাতা : _bপ্রকাশ মন্দির, _c১৯৬৩ |
||
| 300 |
_a[৪৪], ৩৬০ পৃ. : _bচিত্রাবলী ; _c২৩ সেমি. |
||
| 650 |
_aইতিহাস _zভারত _9135903 |
||
| 650 |
_aHistory _zIndia _9135904 |
||
| 942 |
_2ddc _cBK |
||
| 999 |
_c44262 _d44262 |
||